[Event "Nikaia op 24th"]
[Site "Nikaia"]
[Date "2016.08.26"]
[Round "2"]
[White "Markesinis, Eleftherios"]
[Black "Michelakos, Panagiotis"]
[Result "1/2-1/2"]
[WhiteElo "1950"]
[BlackElo "2267"]
[PlyCount "60"]
[EventDate "2016.08.25"]
[EventType "swiss"]
[EventRounds "9"]
[EventCountry "GRE"]
[SourceTitle "CBM 174 Extra"]
[Source "ChessBase"]
[SourceDate "2016.10.10"]
[SourceVersion "1"]
[SourceVersionDate "2016.10.10"]
[SourceQuality "1"]

1. d4 Nf6 2. c4 g6 3. Nc3 Bg7 4. e4 d6 5. Be2 0-0 6. Be3 e5 7. d5 Na6 8. g4 Nc5 9. Bf3 a5 10. h4 Ne8 11. h5 f5 12. hxg6 hxg6 13. gxf5 gxf5 14. Nh3 f4 15. Bxc5 dxc5 16. Bg4 Qh4 17. Bxc8 Rxc8 18. Qf3 Rf6 19. 0-0-0 Rg6 20. Rdg1 Rxg1+ 21. Rxg1 Rd8 22. Ng5 Rd7 23. Ne6 b6 24. Nb5 Qh6 25. b3 Nf6 26. Nbxc7 a4 27. Kb2 Re7 28. Qg2 f3 29. Qxf3 Qd2+ 30. Ka3 Qb4+ 1/2-1/2

[Event "Athens Iraklion op 19th"]
[Site "Athens"]
[Date "2016.06.22"]
[Round "5"]
[White "Papadimitriou, Loukas"]
[Black "Markesinis, Eleftherios"]
[Result "1-0"]
[WhiteElo "2114"]
[BlackElo "1985"]
[PlyCount "79"]
[EventDate "2016.06.18"]
[EventType "swiss"]
[EventRounds "9"]
[EventCountry "GRE"]
[SourceTitle "CBM 173 Extra"]
[Source "ChessBase"]
[SourceDate "2016.08.29"]
[SourceVersion "1"]
[SourceVersionDate "2016.08.29"]
[SourceQuality "1"]

1. c4 Nf6 2. Nf3 e6 3. Nc3 Bb4 4. Qb3 c5 5. a3 Ba5 6. g4 h6 7. d3 Nc6 8. Be3 d5 9. Bxc5 d4 10. Nxd4 Nxd4 11. Bxd4 Qxd4 12. Qb5+ Bd7 13. Qxa5 Nxg4 14. e3 Qf6 15. Ne4 Qxb2 16. Qc3 Qxc3+ 17. Nxc3 Ne5 18. Be2 Bc6 19. Rg1 g6 20. Rg3 h5 21. h4 b6 22. d4 Nd7 23. a4 a5 24. e4 0-0-0 25. Rb1 Rhe8 26. e5 Nb8 27. Rd3 Na6 28. Rd2 Nb4 29. Rbd1 Re7 30. d5 exd5 31. cxd5 Bb7 32. f4 Rc7 33. Nb5 Rxd5 34. Nxc7 Kxc7 35. Bc4 Rc5 36. Bxf7 Rc3 37. Bxg6 Bc6 38. e6 Bxa4 39. e7 Re3+ 40. Re2 1-0

[Event "Athens Iraklion op 19th"]
[Site "Athens"]
[Date "2016.06.18"]
[Round "1"]
[White "Markesinis, Eleftherios"]
[Black "Drazic, Sinisa"]
[Result "0-1"]
[WhiteElo "1985"]
[BlackElo "2440"]
[PlyCount "112"]
[EventDate "2016.06.18"]
[EventType "swiss"]
[EventRounds "9"]
[EventCountry "GRE"]
[SourceTitle "CBM 173 Extra"]
[Source "ChessBase"]
[SourceDate "2016.08.29"]
[SourceVersion "1"]
[SourceVersionDate "2016.08.29"]
[SourceQuality "1"]

1. d4 Nf6 2. c4 c5 3. Nf3 e6 4. Nc3 cxd4 5. Nxd4 Nc6 6. a3 d5 7. cxd5 exd5 8. g3 Bc5 9. Nxc6 bxc6 10. Bg2 0-0 11. 0-0 a5 12. e4 Ba6 13. Re1 Re8 14. Bg5 Qb6 15. Bxf6 Bxf2+ 16. Kh1 gxf6 17. Qg4+ Kh8 18. Qf5 Kg7 19. Na4 Qd4 20. Rad1 Bc8 21. Qf4 Qa7 22. Rf1 Bd4 23. exd5 Be5 24. Qh4 cxd5 25. Nc3 Bxc3 26. bxc3 Qe7 27. c4 Ra6 28. cxd5 Qxa3 29. Qd4 Qe3 30. Qa1 Qe5 31. Qb1 Qd6 32. Rc1 Bd7 33. Rf4 a4 34. Rcf1 f5 35. g4 a3 36. gxf5 Qf6 37. Qa2 Rb8 38. Qa1 Qxa1 39. Rxa1 a2 40. Rff1 Kf6 41. Be4 Rb2 42. Kg1 Ra4 43. Rfe1 Rd2 44. Re3 h5 45. Rd3 Rb2 46. Re3 h4 47. h3 Rd2 48. Rd3 Re2 49. Bf3 Rb2 50. Bg4 Ke5 51. Rdd1 Kd6 52. Kf1 f6 53. Kg1 Ra3 54. Kf1 Bb5+ 55. Kg1 Rg3+ 56. Kh1 Bc4 0-1

[Event "Ambelokipi op 158th"]
[Site "Athens"]
[Date "2016.03.23"]
[Round "4"]
[White "Markesinis, Eleftherios"]
[Black "Papadimitriou, Loukas"]
[Result "1/2-1/2"]
[WhiteElo "1892"]
[BlackElo "2113"]
[PlyCount "61"]
[EventDate "2016.03.02"]
[EventType "swiss"]
[EventRounds "7"]
[EventCountry "GRE"]
[SourceTitle "EXT 2024"]
[Source "ChessBase"]
[SourceDate "2023.10.10"]
[SourceVersion "1"]
[SourceVersionDate "2023.10.10"]
[SourceQuality "1"]

1. c4 Nf6 2. Nc3 c6 3. d4 d5 4. cxd5 cxd5 5. Bf4 Nc6 6. e3 a6 7. Bd3 e6 8. Rc1 Bd7 9. Nf3 Be7 10. 0-0 0-0 11. h3 Rc8 12. Na4 Qa5 13. Nc5 Bxc5 14. dxc5 Rfe8 15. Bb1 e5 16. Bg5 Be6 17. a3 Ne4 18. Bh4 f6 19. Qd3 Ne7 20. b4 Qa4 21. g4 Ng6 22. Rfd1 Qd7 23. Qf1 Qa4 24. Qd3 Red8 25. Ba2 Nxc5 26. bxc5 e4 27. Qd4 Qxa3 28. Bxf6 gxf6 29. Qxf6 Nf8 30. Ng5 Qxa2 31. Nxe6 1/2-1/2

[Event "Ambelokipi op 157th"]
[Site "Athens"]
[Date "2016.02.03"]
[Round "4"]
[White "Grafakou, Sotiria Aphrodite"]
[Black "Markesinis, Eleftherios"]
[Result "0-1"]
[WhiteElo "1528"]
[BlackElo "1862"]
[PlyCount "82"]
[EventDate "2016.01.13"]
[EventType "swiss"]
[EventRounds "7"]
[EventCountry "GRE"]
[SourceTitle "EXT 2024"]
[Source "ChessBase"]
[SourceDate "2023.10.10"]
[SourceVersion "1"]
[SourceVersionDate "2023.10.10"]
[SourceQuality "1"]

1. d4 Nf6 2. c4 e6 3. Nf3 Bb4+ 4. Bd2 Qe7 5. Nc3 Bxc3 6. Bxc3 Ne4 7. Qc2 Nxc3 8. Qxc3 0-0 9. e3 b6 10. Be2 Bb7 11. 0-0 d6 12. Nd2 Nd7 13. Bf3 Bxf3 14. Nxf3 e5 15. dxe5 dxe5 16. Rfd1 f6 17. a3 c5 18. e4 Rad8 19. Rd5 Nb8 20. Rad1 Nc6 21. Ne1 Nd4 22. Qe3 Rxd5 23. exd5 Nf5 24. Qd2 Nd6 25. Rc1 e4 26. b4 Rc8 27. Qe2 Qe5 28. g3 Qd4 29. b5 Re8 30. Ng2 g5 31. Ne3 f5 32. Qh5 Qf6 33. g4 Qg6 34. Qxg6+ hxg6 35. gxf5 gxf5 36. Kg2 Kg7 37. f3 f4 38. Ng4 e3 39. Kf1 Nf5 40. Ra1 Nd4 41. Rc1 e2+ 0-1

[Event "Ambelokipi op 157th"]
[Site "Athens"]
[Date "2016.01.20"]
[Round "2"]
[White "Nikolaou, Georgios"]
[Black "Markesinis, Eleftherios"]
[Result "1-0"]
[WhiteElo "2318"]
[BlackElo "1862"]
[PlyCount "71"]
[EventDate "2016.01.13"]
[EventType "swiss"]
[EventRounds "7"]
[EventCountry "GRE"]
[SourceTitle "EXT 2024"]
[Source "ChessBase"]
[SourceDate "2023.10.10"]
[SourceVersion "1"]
[SourceVersionDate "2023.10.10"]
[SourceQuality "1"]

1. d4 Nf6 2. c4 e6 3. g3 Bb4+ 4. Bd2 Qe7 5. Nf3 Nc6 6. Nc3 0-0 7. Bg2 d6 8. d5 Ne5 9. Nxe5 dxe5 10. a3 Bc5 11. Na4 Rd8 12. Rc1 exd5 13. Nxc5 Qxc5 14. cxd5 Qd4 15. Bc3 Qxd1+ 16. Rxd1 Re8 17. Ba5 Re7 18. Rc1 Ne8 19. 0-0 Rb8 20. Rc2 Bf5 21. e4 Bg6 22. Rfc1 b6 23. Bb4 Rd7 24. Bh3 Rdd8 25. f3 f5 26. Re2 fxe4 27. fxe4 Nd6 28. Rxc7 Nxe4 29. Be7 Re8 30. d6 h6 31. Bg2 Nf6 32. Rxe5 Rec8 33. Bh3 Rd8 34. Bxd8 Rxd8 35. Rc8 Rxc8 36. Bxc8 1-0

[Event "Athens ChessSquare New Year op"]
[Site "Athens"]
[Date "2016.01.04"]
[Round "4"]
[White "Markesinis, Eleftherios"]
[Black "Karousos Theodorakis, Nikolaos"]
[Result "0-1"]
[WhiteElo "1862"]
[BlackElo "2074"]
[PlyCount "70"]
[EventDate "2016.01.07"]
[EventType "swiss"]
[EventRounds "7"]
[EventCountry "GRE"]
[SourceTitle "EXT 2024"]
[Source "ChessBase"]
[SourceDate "2023.10.10"]
[SourceVersion "1"]
[SourceVersionDate "2023.10.10"]
[SourceQuality "1"]

1. d4 Nf6 2. c4 g6 3. Nc3 Bg7 4. e4 d6 5. Nf3 0-0 6. Be2 e5 7. d5 a5 8. Bg5 h6 9. Bh4 Na6 10. Nd2 Qe8 11. g4 Bd7 12. Bg3 Nh7 13. h4 f5 14. gxf5 gxf5 15. exf5 e4 16. f6 Nxf6 17. Nf1 Nc5 18. Ne3 Nd3+ 19. Bxd3 exd3 20. Qxd3 Ng4 21. Qe2 h5 22. 0-0-0 Qg6 23. Rhg1 Rae8 24. Rde1 Bh6 25. Ncd1 Qe4 26. Qc2 Qf3 27. Qg6+ Kh8 28. Qxh5 Re4 29. Kb1 Be8 30. Qxg4 Rxg4 31. Nxg4 Bg7 32. Nge3 Bg6+ 33. Ka1 Qf6 34. Nc3 Qxc3 35. Nd1 Qc1# 0-1

[Event "Ambelokipi op 156th"]
[Site "Athens"]
[Date "2015.12.16"]
[Round "6"]
[White "Delithanasis, Dimitrios"]
[Black "Markesinis, Eleftherios"]
[Result "1-0"]
[WhiteElo "2095"]
[BlackElo "1938"]
[PlyCount "115"]
[EventDate "2015.11.11"]
[EventType "swiss"]
[EventRounds "7"]
[EventCountry "GRE"]
[SourceTitle "EXT 2024"]
[Source "ChessBase"]
[SourceDate "2023.10.10"]
[SourceVersion "1"]
[SourceVersionDate "2023.10.10"]
[SourceQuality "1"]

1. d4 Nf6 2. Nf3 e6 3. g3 b5 4. c3 Bb7 5. Bg2 c5 6. a4 b4 7. 0-0 cxd4 8. cxd4 Be7 9. Nbd2 d5 10. Ne5 a5 11. b3 0-0 12. Bb2 Nc6 13. Nxc6 Bxc6 14. e3 Rc8 15. f4 Bb7 16. f5 Ba6 17. fxe6 Bxf1 18. exf7+ Kh8 19. Bxf1 Rxf7 20. Bd3 Qd7 21. Qf3 Rcf8 22. Bf5 Qd6 23. Qf4 Qxf4 24. exf4 Bd6 25. Nf3 g6 26. Bd3 Rc8 27. Re1 Re7 28. Ne5 Kg7 29. Kg2 Rec7 30. Re2 Re7 31. Kf3 Rec7 32. Ke3 Re7 33. Kd2 Bb8 34. Rf2 Ba7 35. Rf3 Rec7 36. Re3 Rc3 37. Bxc3 bxc3+ 38. Kc2 Bxd4 39. Re2 Re8 40. Nf3 Be3 41. Bb5 Re7 42. Kxc3 Ne4+ 43. Kb2 d4 44. Bc4 Nd6 45. Bd3 Rc7 46. Nd2 Nf5 47. Nc4 Rc5 48. Bxf5 gxf5 49. Nxe3 dxe3 50. Rxe3 Kf6 51. Re5 Rxe5 52. fxe5+ Kxe5 53. b4 axb4 54. Kb3 f4 55. gxf4+ Kxf4 56. a5 Kg4 57. a6 Kh3 58. a7 1-0

[Event "Ambelokipi op 156th"]
[Site "Athens"]
[Date "2015.11.25"]
[Round "3"]
[White "Markesinis, Eleftherios"]
[Black "Mitsakis, Konstantinos"]
[Result "1-0"]
[WhiteElo "1938"]
[BlackElo "1569"]
[PlyCount "79"]
[EventDate "2015.11.11"]
[EventType "swiss"]
[EventRounds "7"]
[EventCountry "GRE"]
[SourceTitle "EXT 2024"]
[Source "ChessBase"]
[SourceDate "2023.10.10"]
[SourceVersion "1"]
[SourceVersionDate "2023.10.10"]
[SourceQuality "1"]

1. d4 d5 2. c4 e6 3. g3 Nf6 4. Bg2 c6 5. Nf3 Be7 6. 0-0 0-0 7. Nbd2 Nbd7 8. Qc2 b6 9. e4 dxe4 10. Nxe4 Bb7 11. Rd1 Rc8 12. Ne5 Nxe4 13. Bxe4 f5 14. Bg2 Nxe5 15. dxe5 Qc7 16. Be3 c5 17. f4 h6 18. Rd3 Rcd8 19. Rad1 Rxd3 20. Rxd3 Rd8 21. Rxd8+ Bxd8 22. Qa4 Bxg2 23. Qe8+ Kh7 24. Kxg2 Be7 25. Kf2 Qb7 26. h4 Bxh4 27. gxh4 Qh1 28. Qxe6 Qxh4+ 29. Ke2 Qg4+ 30. Kd2 Qg2+ 31. Kc3 Qe4 32. Bd2 Qd4+ 33. Kc2 Qe4+ 34. Kb3 Qd3+ 35. Bc3 h5 36. Qf7 Kh6 37. e6 Qd1+ 38. Ka3 Qg4 39. e7 b5 40. cxb5 1-0

[Event "Nikaia op 23rd"]
[Site "Nikaia"]
[Date "2015.08.29"]
[Round "3"]
[White "Tsiros, Fragkiskos Vlasios"]
[Black "Markesinis, Eleftherios"]
[Result "1-0"]
[WhiteElo "2216"]
[BlackElo "1999"]
[PlyCount "95"]
[EventDate "2015.08.26"]
[EventType "swiss"]
[EventRounds "9"]
[EventCountry "GRE"]
[SourceTitle "EXT 2016"]
[Source "ChessBase"]
[SourceDate "2015.10.08"]
[SourceVersion "1"]
[SourceVersionDate "2015.10.08"]
[SourceQuality "1"]

1. Nf3 b6 2. g3 Bb7 3. Bg2 g5 4. 0-0 e6 5. d4 Be7 6. c4 g4 7. Ne5 Bxg2 8. Kxg2 h5 9. d5 Bf6 10. Nd3 Qe7 11. Nd2 c6 12. e4 e5 13. b4 d6 14. Rb1 c5 15. bxc5 dxc5 16. Bb2 Qc7 17. f4 gxf3+ 18. Nxf3 Nd7 19. Qa4 0-0-0 20. Qc6 Re8 21. Nfxe5 Qxc6 22. Nxc6 Rxe4 23. Nxa7+ Kb8 24. Nc6+ Kc7 25. Bxf6 Ngxf6 26. Nde5 Re2+ 27. Rf2 Rxf2+ 28. Kxf2 Ng4+ 29. Nxg4 hxg4 30. Kg1 Ra8 31. Rf1 f5 32. Rxf5 Rxa2 33. Rf4 Ra1+ 34. Kf2 Ra2+ 35. Ke3 Ra3+ 36. Ke4 Ra2 37. Kf5 Rxh2 38. Rxg4 b5 39. cxb5 Kd6 40. Rg6+ Kxd5 41. Ne7+ Kc4 42. b6 Rb2 43. Nc8 Kd5 44. Rd6+ Kc4 45. Rxd7 Kc3 46. b7 c4 47. Nd6 Rb6 48. Rd8 1-0

[Event "Ambelokipi op 152th"]
[Site "Athens"]
[Date "2015.04.01"]
[Round "4"]
[White "Markesinis, Eleftherios"]
[Black "Ilandzis, Spyridon"]
[Result "1/2-1/2"]
[WhiteElo "1999"]
[BlackElo "2136"]
[PlyCount "83"]
[EventDate "2015.03.04"]
[EventType "swiss"]
[EventRounds "7"]
[EventCountry "GRE"]
[SourceTitle "EXT 2024"]
[Source "ChessBase"]
[SourceDate "2023.10.10"]
[SourceVersion "1"]
[SourceVersionDate "2023.10.10"]
[SourceQuality "1"]

1. d4 Nf6 2. c4 e5 3. dxe5 Ng4 4. Nh3 Bc5 5. e3 Nxe5 6. Nf4 0-0 7. Nc3 Nbc6 8. Be2 d6 9. 0-0 a6 10. a3 Re8 11. b4 Ba7 12. Bb2 Ng6 13. Nxg6 hxg6 14. Nd5 Ne5 15. Rc1 Bf5 16. Bd4 Bb8 17. Kh1 a5 18. f3 axb4 19. axb4 c6 20. Nb6 Ra2 21. e4 Nd7 22. Na4 Qh4 23. Nc3 d5 24. Bg1 Rxe2 25. Qxe2 dxe4 26. Nxe4 Bxe4 27. fxe4 Nf6 28. Qf2 Qh5 29. Qf3 Rxe4 30. Qxh5 gxh5 31. b5 Bf4 32. Rc2 h4 33. Rd1 g5 34. h3 Nh5 35. Bf2 Ng3+ 36. Bxg3 hxg3 37. Kg1 Be3+ 38. Kf1 Bf2 39. bxc6 bxc6 40. Rdc1 c5 41. Rc3 Kg7 42. Rf3 1/2-1/2

[Event "Ambelokipi op 149th"]
[Site "Athens"]
[Date "2014.12.03"]
[Round "5"]
[White "Markesinis, Eleftherios"]
[Black "Mitsis, Georgios"]
[Result "1-0"]
[WhiteElo "2021"]
[BlackElo "2017"]
[PlyCount "55"]
[EventDate "2014.11.05"]
[EventType "swiss"]
[EventRounds "7"]
[EventCountry "GRE"]
[SourceTitle "EXT 2016"]
[Source "ChessBase"]
[SourceDate "2015.10.08"]
[SourceVersion "1"]
[SourceVersionDate "2015.10.08"]
[SourceQuality "1"]

1. d4 Nf6 2. c4 e6 3. g3 Bb4+ 4. Bd2 Bxd2+ 5. Qxd2 d6 6. Bg2 Nbd7 7. e3 Qe7 8. Ne2 e5 9. 0-0 0-0 10. Nbc3 Nb6 11. Nd5 Nfxd5 12. cxd5 Bf5 13. Rac1 e4 14. Qa5 Rfc8 15. Nc3 Qd7 16. Rc2 c5 17. dxc6 Rxc6 18. Rfc1 Rac8 19. Bf1 a6 20. b4 Bg4 21. b5 axb5 22. Bxb5 Bf3 23. d5 Qh3 24. Bf1 Qf5 25. dxc6 Qxa5 26. cxb7 Rd8 27. Nb5 Bg4 28. Rc8 1-0

[Event "Nikaia op 22nd"]
[Site "Nikaia"]
[Date "2014.09.01"]
[Round "8"]
[White "Markesinis, Eleftherios"]
[Black "Sidiropoulos, Nikolaos"]
[Result "1/2-1/2"]
[WhiteElo "2029"]
[BlackElo "1923"]
[PlyCount "92"]
[EventDate "2014.08.26"]
[EventType "swiss"]
[EventRounds "9"]
[EventCountry "GRE"]
[SourceTitle "CBM 162 Extra"]
[Source "ChessBase"]
[SourceDate "2014.10.17"]
[SourceVersion "1"]
[SourceVersionDate "2014.10.17"]
[SourceQuality "1"]

1. d4 Nf6 2. c4 e6 3. g3 c5 4. Nf3 cxd4 5. Nxd4 a6 6. Bg2 Qc7 7. b3 Nc6 8. 0-0 Be7 9. Bb2 0-0 10. Nc3 Rd8 11. Rc1 Qb8 12. e4 Ra7 13. h3 b6 14. Kh2 Bb7 15. Nc2 d6 16. f4 b5 17. cxb5 axb5 18. a3 b4 19. axb4 Ba6 20. b5 Bxb5 21. Nxb5 Qxb5 22. Na3 Qa6 23. Nc4 d5 24. exd5 Nxd5 25. f5 Ne3 26. Nxe3 Rxd1 27. Rfxd1 Nd8 28. fxe6 fxe6 29. Ra1 Qb6 30. Bd4 Qxd4 31. Rxd4 Rxa1 32. Nc4 Rb1 33. Rd3 g6 34. h4 Ra1 35. Bh3 Ra2+ 36. Rd2 Rxd2+ 37. Nxd2 Kf7 38. Bg2 e5 39. Bd5+ Kf6 40. g4 h6 41. Ne4+ Kg7 42. Kg3 Nf7 43. Bxf7 Kxf7 44. h5 gxh5 45. gxh5 Ke6 46. Kg4 Ba3 1/2-1/2

[Event "Nikaia op 22nd"]
[Site "Nikaia"]
[Date "2014.08.27"]
[Round "2"]
[White "Koutsidis, Achilleas"]
[Black "Markesinis, Eleftherios"]
[Result "1/2-1/2"]
[WhiteElo "1729"]
[BlackElo "2029"]
[PlyCount "119"]
[EventDate "2014.08.26"]
[EventType "swiss"]
[EventRounds "9"]
[EventCountry "GRE"]
[SourceTitle "CBM 162 Extra"]
[Source "ChessBase"]
[SourceDate "2014.10.17"]
[SourceVersion "1"]
[SourceVersionDate "2014.10.17"]
[SourceQuality "1"]

1. d4 Nf6 2. c4 e6 3. Nc3 Bb4 4. e3 Bxc3+ 5. bxc3 d6 6. Bd3 Qe7 7. e4 e5 8. d5 h6 9. Qe2 Nbd7 10. f3 g5 11. h4 Nh5 12. Qf2 Nc5 13. Bc2 Nf4 14. Kd1 g4 15. Ne2 Nxe2 16. Qxe2 h5 17. Be3 Bd7 18. Rb1 0-0-0 19. Kd2 b6 20. Rbg1 Rdf8 21. Qd1 Qe8 22. Rf1 Rhg8 23. Qe2 Qe7 24. Bg5 f6 25. Be3 Rf7 26. Rhg1 Re8 27. Qd1 Qf8 28. Bxc5 dxc5 29. Ba4 Qh6+ 30. Ke2 a5 31. Bxd7+ Rxd7 32. Qd2 Qg6 33. Qe3 Rde7 34. Rd1 Rd8 35. Rdf1 Rd6 36. a4 Rd8 37. Rd1 Qe8 38. Ra1 Qg6 39. Rad1 Kd7 40. Rdf1 Rf8 41. Rb1 Kd6 42. Rbf1 Kd7 43. Rb1 Ref7 44. Rbf1 f5 45. Qd3 fxe4 46. Qxe4 Qxe4+ 47. fxe4 Rf4 48. Rxf4 Rxf4 49. Rf1 Rxe4+ 50. Kd3 Rf4 51. Rxf4 exf4 52. Ke4 f3 53. gxf3 g3 54. Ke3 Ke7 55. f4 Kf6 56. Kf3 Kf5 57. Kxg3 Ke4 58. f5 Kxf5 59. Kf3 Ke5 60. Ke3 1/2-1/2

[Event "Ambelokipi op 144th"]
[Site "Athens"]
[Date "2014.05.21"]
[Round "3"]
[White "Ilandzis, Spyridon"]
[Black "Markesinis, Eleftherios"]
[Result "1-0"]
[WhiteElo "2127"]
[BlackElo "2007"]
[PlyCount "51"]
[EventDate "2014.05.07"]
[EventType "swiss"]
[EventRounds "7"]
[EventCountry "GRE"]
[SourceTitle "EXT 2016"]
[Source "ChessBase"]
[SourceDate "2015.10.08"]
[SourceVersion "1"]
[SourceVersionDate "2015.10.08"]
[SourceQuality "1"]

1. e4 c6 2. d4 d5 3. Nd2 dxe4 4. Nxe4 Bf5 5. Ng3 Bg6 6. h4 h6 7. Nf3 Nd7 8. h5 Bh7 9. Bd3 Bxd3 10. Qxd3 e6 11. Bf4 Qa5+ 12. Bd2 Bb4 13. c3 Be7 14. c4 Qc7 15. 0-0-0 Ngf6 16. Kb1 0-0 17. Ne4 b5 18. Nxf6+ Bxf6 19. c5 Rfe8 20. g4 e5 21. Qf5 exd4 22. g5 hxg5 23. Bxg5 Rad8 24. h6 g6 25. Bxf6 Nf8 26. h7+ 1-0

[Event "Ambelokipi op 142nd"]
[Site "Athens"]
[Date "2014.03.05"]
[Round "1"]
[White "Polikretis, Mattheos"]
[Black "Markesinis, Eleftherios"]
[Result "0-1"]
[WhiteElo "1445"]
[BlackElo "2002"]
[PlyCount "57"]
[EventDate "2014.03.05"]
[EventType "swiss"]
[EventRounds "7"]
[EventCountry "GRE"]
[SourceTitle "EXT 2016"]
[Source "ChessBase"]
[SourceDate "2015.10.08"]
[SourceVersion "1"]
[SourceVersionDate "2015.10.08"]
[SourceQuality "1"]

1. e4 c6 2. d4 d5 3. e5 Bf5 4. Nf3 e6 5. Be2 Nd7 6. 0-0 Ne7 7. b3 Rc8 8. Na3 a6 9. h3 h6 10. c4 c5 11. Nc2 Bxc2 12. Qxc2 cxd4 13. Bb2 dxc4 14. bxc4 Nc6 15. Rfd1 Bc5 16. Bxd4 Bxd4 17. Nxd4 0-0 18. f4 Qb6 19. Qe4 Rfd8 20. Kh1 Nc5 21. Qe3 Na4 22. Qg3 Nxd4 23. Bd3 Nc5 24. Rab1 Qc6 25. Rb2 Nxd3 26. Qxd3 Nf5 27. Qc3 Rxd1+ 28. Kh2 Qxc4 29. Qa5 0-1

[Event "Heraklio SOI op 10th"]
[Site "Heraklion"]
[Date "2014.01.02"]
[Round "1"]
[White "Spyridakis, Michail"]
[Black "Markesinis, Eleftherios"]
[Result "0-1"]
[WhiteElo "1300"]
[BlackElo "2032"]
[PlyCount "100"]
[EventDate "2014.01.09"]
[EventType "swiss"]
[EventRounds "7"]
[EventCountry "GRE"]
[SourceTitle "EXT 2024"]
[Source "ChessBase"]
[SourceDate "2023.10.10"]
[SourceVersion "1"]
[SourceVersionDate "2023.10.10"]
[SourceQuality "1"]

1. e4 c5 2. c4 Nc6 3. Nf3 e6 4. d3 Nf6 5. h3 d5 6. cxd5 exd5 7. exd5 Nxd5 8. Bd2 Be7 9. Nc3 0-0 10. Nxd5 Qxd5 11. Bc3 Bf5 12. Be2 Rad8 13. 0-0 Bxd3 14. Bxd3 Qxd3 15. Qxd3 Rxd3 16. Rad1 Rfd8 17. Rxd3 Rxd3 18. Ne5 Nxe5 19. Bxe5 f6 20. Bc3 b5 21. a3 Kf7 22. Rc1 c4 23. Kf1 Ke6 24. Ke2 Bc5 25. f3 Kf5 26. Rd1 Rxd1 27. Kxd1 Ke6 28. Ke2 Kd5 29. Bd2 Bd4 30. Bc3 h5 31. g3 g5 32. g4 h4 33. Kd2 Ke5 34. Ke2 Bxc3 35. bxc3 Kf4 36. Kf2 a5 37. Ke2 Kg3 38. Ke3 Kxh3 39. Kf2 Kh2 40. Kf1 Kg3 41. Kg1 Kxf3 42. Kh2 Kxg4 43. Kg2 h3+ 44. Kh2 Kh4 45. Kg1 g4 46. Kh1 g3 47. Kg1 Kg4 48. Kh1 Kf3 49. Kg1 Ke2 50. Kh1 f5 0-1

[Event "Ambelokipi op 55th"]
[Site "Athens"]
[Date "2004.??.??"]
[Round "3"]
[White "Markesinis, Eleftherios"]
[Black "Koukoufikis, Alexandros"]
[Result "0-1"]
[WhiteElo "2115"]
[BlackElo "2245"]
[PlyCount "85"]
[EventDate "2004.10.18"]
[EventType "swiss"]
[EventRounds "9"]
[EventCountry "GRE"]
[SourceTitle "EXT 2007"]
[Source "ChessBase"]
[SourceDate "2006.11.23"]
[SourceVersion "1"]
[SourceVersionDate "2006.11.23"]
[SourceQuality "1"]

1. e4 g6 2. d4 Bg7 3. c4 d6 4. Nc3 Nf6 5. f3 0-0 6. Be3 e5 7. d5 a6 8. Qd2 Nbd7 9. g4 h5 10. h3 Nc5 11. Nge2 Rb8 12. Nc1 Bd7 13. Nd3 Nxd3+ 14. Bxd3 c6 15. Rc1 Nh7 16. Rc2 Qh4+ 17. Qf2 Qxf2+ 18. Kxf2 c5 19. gxh5 gxh5 20. Rg1 Kh8 21. Ke1 Bf6 22. Rh2 h4 23. f4 exf4 24. Bxf4 Be5 25. Bxe5+ dxe5 26. Nd1 Rg8 27. Rxg8+ Rxg8 28. Nf2 Rg3 29. Kd2 Ng5 30. Be2 f6 31. Bg4 Bxg4 32. hxg4 Kg7 33. Ke2 h3 34. Rh1 Kf7 35. Rh2 Rg2 36. Rh1 Nxe4 37. Rxh3 Rxf2+ 38. Ke1 Rxb2 39. Rh7+ Kg6 40. Re7 Kg5 41. Re6 Kxg4 42. d6 Kf3 43. d7 0-1